000 00722nas a2200241 4500
001 BR8803905
003 BR-BrBNA
005 20231205091212.0
007 ta
008 230509b bl.|||p| |||| 00| 00por d
040 _aBR-BrBNA
_bpor
_cBiblioteca Nacional de Agricultura
041 _a(Pt)
072 _aF01
100 1 _aAlmeida, C.M.R. de
100 1 _aMartinez, A.A.
245 1 _aBatata-doce; seu cultivo e simples
246 1 _a[Ipomoea batatas; its cultivation is simple]
650 _aBATATA DOCE
650 _aPRATICA CULTURAL
773 0 _tCasa da Agricultura (Brazil)
_xISSN 0100-6541
_g(May-Jun 1987), v. 9(3) p. 22-25
_wBR8803905
909 _a202311
_bLúcia
_c55
_dLúcia Elande
942 _2AGRIS
_n0
_cANA
999 _c123521
_d123521